s/t (Registro nro. 12410)
[ vista simple ]
| 000 -CABECERA | |
|---|---|
| campo de control de longitud fija | 00378nam a22001577a 4500 |
| 001 - NÚMERO DE CONTROL | |
| campo de control | T027600013564 |
| 008 - DATOS DE LONGITUD FIJA--INFORMACIÓN GENERAL | |
| campo de control de longitud fija | 181111b xve|||||r|||| 00| | esp d |
| 099 ## - SIGNATURA TOPOGRÁFICA LOCAL | |
| Número de clasificación | M-0121 |
| Cutter | |
| 100 ## - ENTRADA PRINCIPAL--NOMBRE DE PERSONA | |
| Nombre de persona | Ministerio de Planificación y desarrollo Social |
| 245 ## - MENCIÓN DE TÍTULO | |
| Título | s/t |
| 260 ## - PUBLICACIÓN, DISTRIBUCIÓN, ETC. (PIE DE IMPRENTA) | |
| Lugar de publicación, distribución, etc. | 2002 |
| 300 ## - DESCRIPCIÓN FÍSICA | |
| Extensión | 1 mapa; 1:30x91cm. |
| 500 ## - NOTA GENERAL | |
| Nota general | Impreso |
| 650 ## - PUNTO DE ACCESO ADICIONAL DE MATERIA--TÉRMINO DE MATERIA | |
| Término de materia o nombre geográfico como elemento inicial | Escuela--proyecto |
| 942 ## - ELEMENTOS DE PUNTO DE ACCESO ADICIONAL (KOHA) | |
| Tipo de ítem Koha | Libro |
| Estado de retiro | Estado de pérdida | Estado dañado | No para préstamo | Localización permanente | Ubicación/localización actual | Ubicación en estantería | Fecha de adquisición | Total de préstamos | Signatura topográfica completa | Código de barras | Fecha visto por última vez | Precio válido a partir de | Tipo de ítem Koha | Número de copia |
|---|---|---|---|---|---|---|---|---|---|---|---|---|---|---|
| Oscar Varsavsky | Oscar Varsavsky | Caja N° 4 | 13.11.2018 | M-0121 | T027600014751 | 13.11.2018 | 13.11.2018 | Libro | ||||||
| Oscar Varsavsky | Oscar Varsavsky | Caja N° 4 | 13.11.2018 | M-0121 | T027600014752 | 13.11.2018 | 13.11.2018 | Libro | e.2 | |||||
| Oscar Varsavsky | Oscar Varsavsky | Caja N° 4 | 13.11.2018 | M-0121 | T027600014753 | 13.11.2018 | 13.11.2018 | Libro | e.3 | |||||
| Oscar Varsavsky | Oscar Varsavsky | Caja N° 4 | 13.11.2018 | M-0121 | T027600014764 | 13.11.2018 | 13.11.2018 | Libro | e.4 | |||||
| Oscar Varsavsky | Oscar Varsavsky | Caja N° 4 | 13.11.2018 | M-0121 | T027600014765 | 13.11.2018 | 13.11.2018 | Libro | e.5 |